| 000 | 00000nam##2200000za#4500 |
| 001 | 9.660698 |
| 003 | CaOODSP |
| 005 | 20250611103615 |
| 007 | ta |
| 008 | 150407|1998||||xxc||||| f|0| 0 fre|d |
| 020 | |a0-662-63996-0 |
| 040 | |aCaOODSP|bfre |
| 041 | |aeng |
| 041 | |afre |
| 043 | |an-cn--- |
| 086 | 1 |aA22-183/1998 |
| 110 | 1 |aCanada. |bAgriculture et agroalimentaire Canada. |
| 245 | 10|aAu service de l'agriculture : |bMinistres de l'Agriculture du Canada, 1867-1997 |
| 260 | |aOttawa - Ontario : |bAgriculture et Agroalimentaire Canada |c1998. |
| 300 | |aTexte français, v, 82p. : |bill. ; |c21 cm. |
| 546 | |aBilingue |
| 563 | |aReliure à spirale |
| 590 | |a99-04|b1999-01-29 |
| 691 | 07|aDéputé fédéral|2gcpds |
| 691 | 07|aVie politique|2gcpds |
| 691 | 07|aFonction publique|2gcpds |
| 776 | 0#|tAu service de l'agriculture : |w(CaOODSP)9.640544 |
| 776 | 0#|tServing agriculture : |w(CaOODSP)9.696430 |
| 791 | |tServing agriculture : |eeng|w(CaOODSP)9.660697 |
| 986 | |aPublication 1990/B |